000 00469nam a2200205Ia 4500
003 0100
008 130303s9999 xx 000 0 und d
020 _a155756346
040 _cARRUPELIB
050 _aLB1050.45.T39 1975
100 _aTaylor, Halsey P
245 _aReading for meaning
260 _aNew York
260 _bHarcourt Brace Jovanovich
260 _C1975
300 _axii
300 _b 317p. 24cm
700 _aHalsey P Taylor
942 0 0 _01
999 _c15946
_d15946